France - Les musées présidentiels - Statistiques

Statistiques générales
  • Ce quiz a été pris 12 fois
  • Le résultat moyen est 5 sur 12
Statistiques - réponses
Président Type de quiz Lieu % Correct
Charles de Gaulle Maison natale Lille
92%
Charles de Gaulle Mémorial Colombey-les-deux-Eglises
75%
Charles de Gaulle Résidence Colombey-les-deux-Eglises
75%
Charles de Gaulle Historial Paris
75%
François Mitterrand Musée Jarnac
50%
François Mitterrand Maison natale Jarnac
50%
François Mitterrand Musée Château-Chinon
17%
Jacques Chirac Musée Sarran
17%
Georges Pompidou Résidence Montboudif
8%
Gaston Doumergue Maison natale Aigues-Vives
0%
Valéry Giscard d'Estaing Propriété Estaing
0%
Raymond Poincaré Résidence Sampigny
0%
Aucun quiz correspondant
Distribution des résultats
% des personnes avec chaque résultat
Percentile par nombre de réponses
Votre historique - résultats
Vous n’avez pas pris ce quiz